Statistics for Geometry Dash Levels (2.1)

Click here to take the quiz!

General Stats

  • This quiz has been taken 260 times
    (233 since last reset)
  • The average score is 20 of 21

Answer Stats

HintAnswer% Correct
Level 2Back On Track
98%
Level 1Stereo Madness
98%
Level 4Dry Out
97%
Level 12Theory of Everything
97%
Level 10xStep
97%
Level 9Cycles
96%
Level 7Jumper
96%
Level 5Base After Base
95%
Level 6Can't Let Go
95%
Level 3Polargeist
95%
Level 8Time Machine
95%
Level 14Clubstep
93%
Level 11Clutterfunk
93%
Level 18Theory of Everything 2
93%
Level 21Fingerdash
92%
Level 16Hexagon Force
92%
Level 13Electroman Adventures
91%
Level 20Deadlocked
90%
Level 15Electrodynamix
90%
Level 19Geometrical Dominator
89%
Level 17Blast Processing
85%

Score Distribution

Percentile by Number Answered

Percent of People with Each Score

Your Score History

You have not taken this quiz since the last reset